Θερμαΐς : ήτοι περί Θεσσαλονίκης
Αποθηκεύτηκε σε:
| Κύριος συγγραφέας: | |
|---|---|
| Μορφή: | Βιβλίο |
| Γλώσσα: | Greek |
| Δημοσίευση: |
Εν Αθήναις :
Εκ του Τυπογραφείου του "Μέλλοντος",
1879.
|
| Σειρά: | Εκδόσεις Κουλτούρα ;
v.16 |
| Θέματα: | |
| Ετικέτες: |
Προσθήκη ετικέτας
Δεν υπάρχουν, Καταχωρήστε ετικέτα πρώτοι!
|
MARC
| LEADER | 00000cam a2200000 i 4500 | ||
|---|---|---|---|
| 001 | 1/96507 | ||
| 008 | 081104s1879 gr | ||| |||| ||gre|| | ||
| 035 | |l 10101367 | ||
| 040 | |a GR-MY-UA |b gre |e aacr | ||
| 041 | 0 | |a gre | |
| 082 | 7 | |a 938.33 |2 (22) | |
| 100 | 1 | |a Ιωάννου, Μιχαήλ Χ. | |
| 245 | 1 | 0 | |a Θερμαΐς : |b ήτοι περί Θεσσαλονίκης / |c υπό Μιχαήλ Χ. Ιωάννου. |
| 260 | |a Εν Αθήναις : |b Εκ του Τυπογραφείου του "Μέλλοντος", |c 1879. | ||
| 300 | |a 72 σ. ; |c 21 εκ. | ||
| 490 | 1 | |a (Εκδόσεις Κουλτούρα ; |v vol.16) | |
| 505 | 0 | |a T.1. Ιστορία και αρχαιολογία | |
| 651 | 0 | |a Thessalonike (Greece) |x History. | |
| 651 | 0 | |a Thessalonike (Greece) |x Antiquities. | |
| 740 | 0 | |a Ιστορία και αρχαιολογία | |
| 830 | 0 | |a Εκδόσεις Κουλτούρα ; |v v.16 | |
| 852 | |a INST |b LESVOS |e 20081104 |h 938.33 ΙΩΑ |p 005100043382 |q 005100043382 |t BK |y 0 |z Μέρος.Α | ||
| 852 | |a INST |b LESVOS |e 20081104 |h 938.33 ΙΩΑ |p 005100043382 |q 005100043382 |t BK |v Μ΄ερος.Α: |y 0 |z Μέρος.Α | ||
| 853 | |a INST |b LESVOS |h 938.33 ΙΩΑ | ||
| 901 | |a BIBL1-2008-3 | ||
| 909 | |a Λ |b 156126 | ||
| 970 | |a ΚΑΡΑ |b ΓΙΑΣΕΜΗ |z 2008/11/04 | ||